Jean-Marc Binot, Héroïnes de la Grande Guerre, Paris, Fayard, 2008, 303 p. (notice n° 1651701)

détails MARC
000 -LEADER
fixed length control field 01471cam a2200169 4500500
005 - DATE AND TIME OF LATEST TRANSACTION
control field 20260208005338.0
041 ## - LANGUAGE CODE
Language code of text/sound track or separate title fre
042 ## - AUTHENTICATION CODE
Authentication code dc
100 10 - MAIN ENTRY--PERSONAL NAME
Personal name Cochet, François
Relator term author
245 00 - TITLE STATEMENT
Title Jean-Marc Binot, Héroïnes de la Grande Guerre, Paris, Fayard, 2008, 303 p.
260 ## - PUBLICATION, DISTRIBUTION, ETC.
Date of publication, distribution, etc. 2009.<br/>
500 ## - GENERAL NOTE
General note 59
520 ## - SUMMARY, ETC.
Summary, etc. RÉSUMÉParmi les motifs de l’assassinat de Marat en 1793, la trajectoire de la famille de Charlotte Corday n’a pas été souvent interrogée. L’étude de la carrière révolutionnaire de Jacques François de Corday d’Armont, père de l’assassin, démontre combien les logiques de déclassement et d’exclusion qui touchent les petites noblesses de l’Ancien Régime, ont engendré des modes spécifiques d’engagement qui ne peuvent se résumer au rejet monolithique de toute la Révolution.
520 ## - SUMMARY, ETC.
Summary, etc. ABSTRACT To understand why Charlotte Corday killed Marat on July the 13th 1793, we propose to focus on the situation of her family. The revolutionnary career of her father Jacques François de Corday d’Armont, seems particularily to show that the nobiliary experience of Revolution have sometimes led to specific political choices, which one can not simply limit to Counterrevolution, but that one can link to political violence.
786 0# - DATA SOURCE ENTRY
Note Revue historique | 650 | 2 | 2009-06-18 | p. 387zi-482zi | 0035-3264
856 41 - ELECTRONIC LOCATION AND ACCESS
Uniform Resource Identifier <a href="https://shs.cairn.info/revue-historique-2009-2-page-387zi?lang=fr&redirect-ssocas=7080">https://shs.cairn.info/revue-historique-2009-2-page-387zi?lang=fr&redirect-ssocas=7080</a>

Pas d'exemplaire disponible.

PLUDOC

PLUDOC est la plateforme unique et centralisée de gestion des bibliothèques physiques et numériques de Guinée administré par le CEDUST. Elle est la plus grande base de données de ressources documentaires pour les Étudiants, Enseignants chercheurs et Chercheurs de Guinée.

Adresse

627 919 101/664 919 101

25 boulevard du commerce
Kaloum, Conakry, Guinée

Réseaux sociaux

Powered by Netsen Group @ 2025